000 00459nam a22001697a 4500
003 CEME
005 20210628210521.0
008 210209b xxu||||| |||| 00| 0 eng d
040 _c.
082 _a005.276 WAL
100 _aBanick, Steven Eddy, Craig Walther, Stephen
_979749
245 _aActive server pages 2.0 asp 2.0
260 _aNEW DELHI
_bTECHMEDIA
_c1999
300 _a852P
650 _aASP 2.0 ACTIVE SERVER PAGE 2.0
_979750
942 _cBK
_2ddc
999 _c584752
_d584752